SpongeBob's slap shot / (Record no. 2350)

MARC details
000 -LEADER
fixed length control field 01538cam a22003737i 4500
005 - DATE AND TIME OF LATEST TRANSACTION
control field 20231117154750.0
020 ## - INTERNATIONAL STANDARD BOOK NUMBER
International Standard Book Number 9780385378529 (pbk.)
020 ## - INTERNATIONAL STANDARD BOOK NUMBER
International Standard Book Number 0385378521 (pbk.)
020 ## - INTERNATIONAL STANDARD BOOK NUMBER
International Standard Book Number 9781480634480 (Paw Prints)
020 ## - INTERNATIONAL STANDARD BOOK NUMBER
International Standard Book Number 1480634484 (Paw Prints)
040 ## - CATALOGING SOURCE
Original cataloging agency YDXCP
Language of cataloging eng
Transcribing agency YDXCP
Description conventions rda
Modifying agency BTCTA
-- JTH
-- OPW
-- DLC
050 00 - LIBRARY OF CONGRESS CALL NUMBER
Classification number PZ7.L5894
Item number Ss 2014
082 00 - DEWEY DECIMAL CLASSIFICATION NUMBER
Classification number 433
Edition number 23
100 1# - MAIN ENTRY--PERSONAL NAME
Personal name Lewman, David
Relator term author
245 10 - TITLE STATEMENT
Title SpongeBob's slap shot /
Statement of responsibility, etc. by David Lewman ; illustrated by Harry Moore.
246 3# - VARYING FORM OF TITLE
Title proper/short title SpongeBob's slapshot
260 ## - PUBLICATION, DISTRIBUTION, ETC.
Place of publication, distribution, etc. New York :
Name of publisher, distributor, etc. Simon Spotlight,
Date of publication, distribution, etc. 2008
300 ## - PHYSICAL DESCRIPTION
Extent 1 volume (unpaged) :
Other physical details color illustrations ;
Dimensions 21 cm
490 1# - SERIES STATEMENT
Series statement A Random House pictureback book
500 ## - GENERAL NOTE
General note At head of title: Nickelodeon SpongeBob SquarePants.
500 ## - GENERAL NOTE
General note "Based on the TV series SpongeBob SquarePants created by Stephen Hillenburg as seen on Nickelodeon"--T.p. verso.
500 ## - GENERAL NOTE
General note Originally published in 2008.
505 ## - FORMATTED CONTENTS NOTE
Formatted contents note K
520 ## - SUMMARY, ETC.
Summary, etc. "SpongeBob amazes an ice-hockey scout with his skills while sweeping up the Krusty Krab, and he soon finds himself playing professional hockey! But when he realizes whose team he is playing for, and who he must play against, SpongeBob starts having second thoughts"--Publisher.
521 ## - TARGET AUDIENCE NOTE
Target audience note 570
Source Lexile
521 ## - TARGET AUDIENCE NOTE
Target audience note K
Source Raz-Plus
650 #0 - SUBJECT ADDED ENTRY--TOPICAL TERM
Topical term or geographic name entry element Hockey stories.
650 #1 - SUBJECT ADDED ENTRY--TOPICAL TERM
Topical term or geographic name entry element Hockey
Form subdivision Fiction.
650 #1 - SUBJECT ADDED ENTRY--TOPICAL TERM
Topical term or geographic name entry element Picture books.
700 1# - ADDED ENTRY--PERSONAL NAME
Personal name Moore, Harry
Relator term illustrator
906 ## - LOCAL DATA ELEMENT F, LDF (RLIN)
a 7
b cbc
c copycat
d 2
e ncip
f 20
g y-gencatlg
942 ## - ADDED ENTRY ELEMENTS (KOHA)
Source of classification or shelving scheme Dewey Decimal Classification
Koha item type Books
Suppress in OPAC No
999 ## -
-- 2350
-- 2350
Holdings
Withdrawn status Lost status Source of classification or shelving scheme Damaged status Not for loan Collection Home library Current library Shelving location Date acquired Total Checkouts Full call number Barcode Date due Date last seen Date last checked out Copy number Price effective from Koha item type
    Dewey Decimal Classification     Juvenile Fiction Footprints International School Library Network Toul Kork Campus Footprints International School Library Network Toul Kork Campus TK Primary Library Room(4th Floor), Bookcase 3&4, Shelves 17-32, Yellow Books 11/17/2023 1 LEW 433 PZ7.L5894 2023-0750 04/17/2026 04/03/2026 04/03/2026 1 11/17/2023 Books
    Dewey Decimal Classification     Juvenile Fiction Footprints International School Library Network Toul Kork Campus Footprints International School Library Network Toul Kork Campus   11/17/2023 2 LEW 433 PZ7.L5894 FISTK03901   05/07/2025 03/19/2024 2 11/17/2023 Books